| 000 -LEADER |
| fixed length control field |
01120cam a2200277 i 4500 |
| 020 ## - INTERNATIONAL STANDARD BOOK NUMBER |
| International Standard Book Number |
9781098134181 |
| Qualifying information |
(paperback) |
| 100 1# - MAIN ENTRY--PERSONAL NAME |
| Personal name |
Foster, David |
| Titles and words associated with a name |
(Business consultant), |
| Relator term |
author. |
| 245 10 - TITLE STATEMENT |
| Title |
Generative deep learning : |
| Remainder of title |
teaching machines to paint, write, compose, and play / |
| Statement of responsibility, etc. |
David Foster ; foreword by Karl Friston. |
| 250 ## - EDITION STATEMENT |
| Edition statement |
Second edition. |
| 260 ## - PUBLICATION, DISTRIBUTION, ETC. |
| Place of publication, distribution, etc. |
Beijing: |
| Name of publisher, distributor, etc. |
Oreilly media.inc; |
| Date of publication, distribution, etc. |
2023. |
| 300 ## - PHYSICAL DESCRIPTION |
| Extent |
xxvi, 426 pages : |
| Other physical details |
illustrations (chiefly color) ; |
| Dimensions |
24 cm |
| 504 ## - BIBLIOGRAPHY, ETC. NOTE |
| Bibliography, etc. note |
Includes bibliographical references and index. |
| 650 #0 - SUBJECT ADDED ENTRY--TOPICAL TERM |
| Topical term or geographic name entry element |
Machine learning. |
| 650 #0 - SUBJECT ADDED ENTRY--TOPICAL TERM |
| Topical term or geographic name entry element |
Artificial intelligence. |
| 650 #0 - SUBJECT ADDED ENTRY--TOPICAL TERM |
| Topical term or geographic name entry element |
Neural networks (Computer science) |
| 650 #0 - SUBJECT ADDED ENTRY--TOPICAL TERM |
| Topical term or geographic name entry element |
Generative programming (Computer science) |
| 650 #0 - SUBJECT ADDED ENTRY--TOPICAL TERM |
| Topical term or geographic name entry element |
Deep learning (Machine learning) |
| 650 #0 - SUBJECT ADDED ENTRY--TOPICAL TERM |
| Topical term or geographic name entry element |
E-BOOKBANK.SEECSTEXTBOOK |
| 700 1# - ADDED ENTRY--PERSONAL NAME |
| Personal name |
Friston, K. J. |
| 856 ## - Uniform Resource Identifier |
| Uniform Resource Identifier |
<a href="http://10.250.8.41:8080/xmlui/handle/123456789/41668">http://10.250.8.41:8080/xmlui/handle/123456789/41668</a> |
| 942 ## - ADDED ENTRY ELEMENTS (KOHA) |
| Source of classification or shelving scheme |
|
| Koha item type |
Book |
| 650 #0 - SUBJECT ADDED ENTRY--TOPICAL TERM |
| -- |
18586 |
| 650 #0 - SUBJECT ADDED ENTRY--TOPICAL TERM |
| -- |
52050 |
| 650 #0 - SUBJECT ADDED ENTRY--TOPICAL TERM |
| -- |
99919 |
| 650 #0 - SUBJECT ADDED ENTRY--TOPICAL TERM |
| -- |
125472 |
| 700 1# - ADDED ENTRY--PERSONAL NAME |
| -- |
123665 |